000 01078 a2200277 4500
001 59041
005 20260407155845.0
008 260407a1983 arg spa d
003 AR-UNSa-BCEJYS
040 _aAR-UNSa-BCEJYS
_bspa
_cAR-UNSa-BCEJYS
080 _a347(094.4)
_xCódigo Civil
245 1 0 _aCódigo Civil anotado
_pDoctrina - Jurisprudencia
020 _a950-20-0230-X
264 1 _aBuenos Aires :
_bAbeledo Perrot
_c1983
300 _a5 v.
_c23 cm.
505 _aTomo II-A: Artículos 495 a 895 - Tomo II-B: Artículos 896-1136 - Tomo III-A: Artículos 1137-1438 - Tomo III-B: Artículos 1434-1788 bis - Tomo IV-A: Artículos 2311-2755 - Tomo V-A: Artículos 3262-3448 -
041 _aspa
942 _cBK
590 _aniveau_biblio:m niveau_hierar:0
100 1 _aLlambías, Jorge Joaquín
700 1 _aArgentina [Código Civil]
700 1 _aAlterini, Atilio Aníbal
700 1 _aAlterini, Jorge H.
700 1 _aMéndez Costa, María Josefa
856 4 1 _uhttps://www.biblioeco.unsa.edu.ar/pmb/images/libros/L128934.jpg
_yImagen de portada
_qimage/jpeg
999 _c6588
_d6588